Spanish Spaces (Record no. 96728)

MARC details
000 -LEADER
fixed length control field 01690nam a2200253Ii 4500
008 - FIXED-LENGTH DATA ELEMENTS--GENERAL INFORMATION
fixed length control field 221202s xx 000 0 und d
100 1# - MAIN ENTRY--PERSONAL NAME
Personal name Davies, Ann,
Relator term author
245 #0 - TITLE STATEMENT
Title Spanish Spaces
246 ## - VARYING FORM OF TITLE
Title proper/short title Landscape, Space and Place in Contemporary Spanish Culture
264 #1 - PRODUCTION, PUBLICATION, DISTRIBUTION, MANUFACTURE, AND COPYRIGHT NOTICE
Place of production, publication, distribution, manufacture Liverpool
Name of producer, publisher, distributor, manufacturer Liverpool University Press
Date of production, publication, distribution, manufacture, or copyright notice 2012
300 ## - PHYSICAL DESCRIPTION
Extent 1 online resource
336 ## - CONTENT TYPE
Content type term text
Content type code txt
Source rdacontent
337 ## - MEDIA TYPE
Media type term computer
Media type code c
Source rdamedia
338 ## - CARRIER TYPE
Carrier type term online resource
Carrier type code cr
Source rdacarrier
490 ## - SERIES STATEMENT
Series statement Contemporary Hispanic and Lusophone Cultures
520 ## - SUMMARY, ETC.
Summary, etc. Spanish Spaces is a pioneering study that marries contemporary cultural geography with contemporary Spanish culture. The field of cultural geography has grown both extensively and rapidly, as has the field of cultural analysis and debate on Spanish cultural texts; yet despite a convergence in study between cultural geography (and cultural studies more widely) and cultural texts themselves, this has made little impact to date within the area of contemporary Spanish cultural studies. Drawing on case studies from contemporary Spanish film and literature, Davies explores the themes of memory and forgetting, nationalism and terrorism, crime and detection, gender, tourism and immigration, investigating what it means to think of space and places in specifically Spanish terms.
653 ## - INDEX TERM--UNCONTROLLED
Uncontrolled term Barcelona
653 ## - INDEX TERM--UNCONTROLLED
Uncontrolled term Basque Country (Autonomous Community)
653 ## - INDEX TERM--UNCONTROLLED
Uncontrolled term Eta (Separatist Group)
653 ## - INDEX TERM--UNCONTROLLED
Uncontrolled term Languages
653 ## - INDEX TERM--UNCONTROLLED
Uncontrolled term Spain
856 ## - ELECTRONIC LOCATION AND ACCESS
Uniform Resource Identifier <a href="https://docs.google.com/spreadsheets/d/1yKIrdCPDAG_9c22mwoOIO2DOhtj65Wqa/edit?usp=sharing&ouid=106555315294820607512&rtpof=true&sd=true ">https://docs.google.com/spreadsheets/d/1yKIrdCPDAG_9c22mwoOIO2DOhtj65Wqa/edit?usp=sharing&ouid=106555315294820607512&rtpof=true&sd=true </a>
Link text List of Curated E-Books
942 ## - ADDED ENTRY ELEMENTS (KOHA)
Koha item type E-Book

No items available.

University of Rizal System
Email us at univlibservices@urs.edu.ph

Visit our Website www.urs.edu.ph/library